Countries with Claim over Unrecognized States - Statistics

General Stats
  • This quiz has been taken 246 times
  • The average score is 11 of 11
Answer Stats
Self-Declared State Answer % Correct
Taiwan China
100%
Palestine Israel
100%
Kosovo Serbia
99%
Somaliland Somalia
99%
Northern Cyprus Cyprus
98%
Sahrawi Arab Republic Morocco
98%
Western Sahara Morocco
98%
Abkhazia Georgia
97%
South Osettia Georgia
97%
Nagorno-Karabakh Republic Azerbaijan
89%
Pridnestrovian Republic Moldova
76%
No matching quizzes found
Score Distribution
Percent of People with Each Score
Percentile by Number Answered
Your Score History
You have not taken this quiz